Loading...

Malayala Cinema Charithram Vichithram/

Bibliografiske detaljer
Hovedforfatter: Gopalakrishnan Chelangattu
Format: Printed Book
Udgivet: Thiruvananthapuram: Chintha Publishers, 2013.
Fag:
Art
LEADER 00752nam a22001817a 4500
999 |c 143773  |d 143773 
020 |a 9789383432455 
082 |a M 791.430 9  |b GOP/M 
100 |a Gopalakrishnan Chelangattu 
245 |a Malayala Cinema Charithram Vichithram/  |c by Gopalakrishnan Chelangattu 
260 |a Thiruvananthapuram:  |b Chintha Publishers,  |c 2013. 
300 |a 416p. 
650 |a Cinema History 
650 |a Cinema 
650 |a Art 
942 |c BK 
952 |0 0  |1 0  |4 0  |6 M_791_430000000000000_9_GOP_M  |7 0  |9 100625  |a SSUS  |b SSUS  |c STACKS  |d 2019-11-08  |g 335.00  |o M 791.430 9 GOP/M  |p 097352  |r 2019-11-08  |w 2019-11-08  |y BK 
952 |0 0  |1 0  |4 0  |6 M_791_430000000000000_9_GOP_M  |7 0  |9 101150  |a SSUS  |b SSUS  |c STACKS  |d 2019-11-23  |g 335.00  |o M 791.430 9 GOP/M  |p 097817  |r 2019-11-23  |w 2019-11-23  |y BK